Diccionario de administración y finanzas (Registro nro. 10407)

Detalles MARC
000 -CABECERA
Longitud fija campo de control 00700nam a22002175b 4500
001 - NÚMERO DE CONTROL
Número de control bimo0000117033
003 - IDENTIFICADOR DELl NÚMERO DE CONTROL
Identificador del número de control OSt
005 - FECHA Y HORA DE LA ÚLTIMA TRANSACCIÓN
Fecha y hora de la última transacción 20140524213002.0
008 - CÓDIGOS DE INFORMACIÓN DE LONGITUD FIJA
Códigos de información de longitud fija 911218s1989 sp spa
020 ## - NÚMERO INTERNACIONAL NORMALIZADO PARA LIBROS
Número Internacional Normalizado para Libros (ISBN) 84-86590-44-2
040 ## - FUENTE DE LA CATALOGACIÓN
Centro transcriptor BMC
082 ## - NÚMERO DE LA CLASIFICACIÓN DECIMAL DEWEY
Númeroo de clasificación 658.0403
100 1# - PUNTO DE ACCESO PRINCIPAL-NOMBRE DE PERSONA
Nombre de persona Rosenberg, Jerry Martin
9 (RLIN) 19382
245 10 - MENCIÓN DE TÍTULO
Título Diccionario de administración y finanzas
Mención de responsabilidad, etc. J.M. Rosenberg ; [revisión de la edición española, Jaume Gallifa]
260 ## - PUBLICACIÓN, DISTRIBUCIÓN, ETC. (PIE DE IMPRENTA)
Lugar de publicación, distribución, etc. Barcelona
Nombre del editor, distribuidor, etc. OCEANO
Fecha de publicación, distribución, etc. cop. 1989
300 ## - DESCRIPCIÓN FÍSICA
Extensión XI, 641 p.
Dimensiones 26 cm
594 ## - NOTA AL TÍTULO Y MENCIÓN DE RESPONSABIBLIDAD
Nota Al Título Y Mención De Responsabilidad Traducción de: Dictionary of business and management
650 24 - PUNTO DE ACCESO ADICIONAL DE MATERIA - TÉRMINO DE MATERIA
Término de materia o nombre geográfico como elemento inicial Gestión de empresas
Subdivisión de forma Diccionarios
9 (RLIN) 19381
700 1# - PUNTO DE ACCESO ADICIONAL - NOMBRE DE PERSONA
9 (RLIN) 19383
Nombre de persona Gallifa, Jaume
942 ## - ENTRADA DE ELEMENTOS AGREGADOS (KOHA)
Fuente de clasificaión o esquema Dewey Decimal Classification
Koha [por defecto] tipo de item 1- Monografias
Existencias
Suprimido Perdido Fuente de clasificación o esquema Estropeado Restricciones de uso No para préstamo Código de colección Localización permanente Localización actual Localización en estanter&íacute;as Fecha adquisición Fuente de adquisición Número de inventario Préstamos totales Signatura completa Código de barras Fecha última consulta Fecha último préstamo Fecha del precio de reemplazo Tipo de item de Koha
NULL NULL Dewey Decimal Classification NULL Prestable NULL NULL Biblioteca Miguel de Cervantes - UNICAES Biblioteca Miguel de Cervantes - UNICAES Sala Principal 11/07/1992 Donación - COREI, S.A de C.V 016493 1 658.0403 ROS dic 1016836 22/01/2016 20/01/2016 24/05/2014 1- Monografias